000 01192naa a2200301 c 4500
001 40106
003 ES-MaCES
005 20100406110500.0
008 100406n2010 sp d t 000 | spa d
035 _aCES20100004442v
040 _aES-MaCES
_bspa
_cES-MaCES
100 1 _aSánchez Carazo, Carmen
_923213
245 1 3 _aLa aplicación de la Ley de Dependencia en la Comunidad de Madrid
_cCarmen Sánchez Carazo
610 1 4 _aEspaña
_tLey de promoción de la autonomía personal y atención a las personas en situación de dependencia
_d2006
_93034
650 4 _aMadrid (Comunidad Autónoma)
_930777
650 4 _adatos estadísticos
_930765
650 4 _aasistencia a las personas de edad avanzada
_927061
650 4 _aEstado-Benefactor
_929481
650 4 _aprotección social
_929076
650 4 _aregímenes especiales de Seguridad Social
_931067
650 4 _adependencia
_929506
650 4 _aasistencia médica
_930272
653 1 0 _aSeguridad Social
773 0 _tTemas para el debate
_gn. 184 (marzo 2010){10474 R. 076353}; p. 66-68
_w(ES-MaCES)25480
_960727
902 _aART Artículo de revista
942 _2CES
_cAR
_h3.0.
999 _c40106
_d40106